日本の平均市町村 - Statistics

General Stats
  • This quiz has been taken 9 times
  • The average score is 1 of 15
Answer Stats
平均からの順位 市名 % Correct
人口密度5位 須坂市
40%
面積1位 いなべ市
20%
面積2位 さいたま市
20%
人口密度1位 秋田市
20%
人口密度3位 富山市
20%
面積3位 水戸市
0%
面積4位 平内町
0%
面積5位 黒石市
0%
人口1位 知立市
0%
人口2位 大田原市
0%
人口3位 吉川市
0%
人口4位 行橋市
0%
人口5位 武蔵村山市
0%
人口密度2位 総社市
0%
人口密度4位 小美玉市
0%
No matching quizzes found
Score Distribution
Percent of People with Each Score
Percentile by Number Answered
Your Score History
You have not taken this quiz